| 000 | 00708nam a2200205 i 4500 | ||
|---|---|---|---|
| 001 | 14271 | ||
| 003 | ES-MaACL | ||
| 005 | 20230906150749.0 | ||
| 007 | t| | ||
| 008 | 981125s1997 sp |||| | spa d | ||
| 080 | _a392.65(4)"19" | ||
| 100 | 1 |
_aTamzali, Wassyla. _9109173 |
|
| 245 | 1 | 3 |
_aLa prostitución femenina en la Europa de hoy _b: cómo responder a esta cuestión / _cWassyla Tamzali. |
| 260 |
_aMadrid : _bComunidad, Dirección General de la Mujer, _c[1997] |
||
| 300 |
_a69 p. ; _c22 cm. |
||
| 500 | _aTexto en español y francés. | ||
| 650 | 1 | 4 |
_aProstitución- _zEuropa. _916509 |
| 710 | 1 |
_aMadrid (Comunidad Autónoma). _bDirección General de la Mujer. _95615 |
|
| 852 |
_aES-MaACL _jL-21550 |
||
| 999 |
_c14271 _d14271 |
||